000 00403nam a2200145Ia 4500
005 20260328101516.0
008 260328s9999||||xx |||||||||||||| ||und||
100 _aMejía Arango, Juan Luis
245 0 _aBienes inMuebles :
_b Cartilla de mantenimiento /
_cJuan Luis Mejía Arango
250 _a1a ed.
260 _bColcultura
300 _a91 p.
650 _aCONSERVACIÓN Y RESTAURACIÓN
942 _cBK
999 _c9399
_d9399